000 00606nam a2200205 i 4500
001 74761
003 ES-MaACL
005 20250808040853.0
007 t|
008 040921s1981 sp ||||1| spa d
100 1 _aGrabar, Oleg.
_959440
245 1 3 _aLa Alhambra
_b: iconografía, formas y valores /
_cOleg Grabar ; versión de José Luis López Muñoz.
250 _a[2ª ed.].
260 _a[Madrid] :
_bAlianza,
_c[1981]
300 _a229 p. :
_bil. ;
_c23 cm.
490 1 _aAlianza forma
830 0 0 _aAlianza forma
_9177869
852 _aES-MaACL
_jL-1820
_bR.102814
999 _c74761
_d74761